Le parole chiave della storia romana

שמור ב:
מידע ביבליוגרפי
Main Authors: Bussi, Silvia (Author), Foraboschi, Daniele (Author)
פורמט: ספר
שפה:איטלקית
יצא לאור: Roma Carocci Editore 2008
מהדורה:1a. ed
סדרה:Le Bussole, 312
נושאים:
תגים: הוספת תג
אין תגיות, היה/י הראשונ/ה לתייג את הרשומה!

MARC

LEADER 00000cam a2200000 a 4500
001 UCD9205
003 CL-VaPUC
008 170609e20080000it |||||||||||||||||ita|d
020 |a 9788843045778 
082 0 4 |a 937  |b BUS  |2 21 
100 0 |a Bussi, Silvia  |e author  |9 592903 
700 0 |a Foraboschi, Daniele  |e author  |9 592904 
245 1 3 |a Le parole chiave della storia romana 
250 |a 1a. ed 
300 |a 112 p 
942 |c BK 
945 |d 20170609 16:51:00  |a dcastane 
260 |a Roma  |b Carocci Editore  |c 2008 
650 0 |a Historia de Roma   |9 315349 
650 7 |a LEGADO  |2 CL-VaPUC  |9 592905 
583 |a last modification  |c 20170609 16:51:00  |k Rodrigo Vera 
490 0 |a Le Bussole, 312 
999 |c 368461  |d 368459 
952 |0 0  |1 0  |3 erb  |4 0  |6 937_000000000000000_BUS_2008  |7 0  |8 A  |9 483793  |a FDOLAF  |b FDOLAF  |e Laffi, Umberto, 1939-  |i 5396522  |o 937 BUS 2008  |p 5396522  |r 2024-01-30  |w 2019-11-24  |y BK  |z Catalogado en:20170609  |k LAF